000 00605nam a22002297a 4500
003 UA-OsUOA
001 89013
007 ta
008 20121023b un ||||| |||| 00| 0 ukr d
100 _aГонта В.
090 _a821.161.2
_bГ65
942 _cBK
040 _aUA-OsUOA
_bukr
_cUA-OsUOA
_dUA-OsUOA
245 _aІ все-таки він прийде!...
_bповісті
300 _a208 с.
955 _a3
041 _aukr
080 _a821.161.2
260 _aК.
_bМолодь
_c1989
650 7 _a82 Література. Літературознавство
_2UDC
999 _c375290
_d375290